| 000 | 00814nam a22002297a 4500 | ||
|---|---|---|---|
| 999 |
_c9419 _d9419 |
||
| 003 | AR-CdUCM | ||
| 008 | 190328b ||||| |||| 00| 0 spa d | ||
| 040 |
_aMUNICIPALIDAD PROVINCIAL DEL CUSCO _cBIBLIOTECA MUNICIPAL DEL CUSCO |
||
| 082 |
_aC / 985.61 / _bR41 |
||
| 100 |
_aRendon, Maximiliano _925596 |
||
| 245 |
_aLeyenda del valle sagrado de los Incas : _by otros estudios / |
||
| 260 |
_aCuzco : _bGarcilaso, _c1960. |
||
| 300 |
_a233 páginas ; _c20 cm. |
||
| 505 | _aLas ruinas arqueológicas de Ppisac -- Inquilchumpi -- El chasqui -- Un duelo a muerte en la Plaza de Cuzco -- Los Cañaris... | ||
| 650 |
_aValle Sagrado. _94562 |
||
| 650 |
_aLos incas. _92622 |
||
| 650 |
_aCusco. _9772 |
||
| 650 |
_aLos Cañaris. _925597 |
||
| 650 |
_aHistoria del Cusco. _91714 |
||
| 942 |
_2ddc _cLIBROS |
||
| 945 | _awfj | ||